<?xml version="1.0" encoding="UTF-8"?>
<marc:record xmlns:marc="http://www.loc.gov/MARC21/slim">
   <marc:leader>00000nam a2200000 a 4500</marc:leader>
   <marc:datafield ind1="0" ind2="0" tag="245">
      <marc:subfield code="a">Selber machen statt kaufen</marc:subfield>
   </marc:datafield>
   <marc:datafield ind1="0" ind2="0" tag="245">
      <marc:subfield code="b">137 Rezepte für natürliche Pflegeprodukte, die Geld sparen und die Umwelt schonen</marc:subfield>
   </marc:datafield>
   <marc:datafield ind1=" " ind2="1" tag="264">
      <marc:subfield code="b">smarticular</marc:subfield>
      <marc:subfield code="c">2019</marc:subfield>
   </marc:datafield>
   <marc:datafield ind1="1" ind2=" " tag="520">
      <marc:subfield code="a">Vergiss künstliche, ungesunde und umweltbelastende Pflegeprodukte aus dem Supermarkt, denn viele bessere Alternativen kann jeder leicht zu Hause selber machen! 137 unserer besten Rezepte und Ideen für Haut und Haar zeigen, wie einfach es geht.
Darum lohnt es sich, all diese Dinge nicht mehr zu kaufen, sondern am besten selber zu machen:

Gut für die Gesundheit: Statt ungesunder und künstlicher Inhaltsstoffe enthalten die selbst hergestellten Alternativen natürliche Zutaten, die dem Körper helfen, zum gesunden Gleichgewicht zurückzufinden, anstatt ihn von synthetischer Pflege immer abhängiger zu machen.

Gut für die Umwelt: Selbermachen spart jede Menge Plastik und anderen Verpackungsmüll. Außerdem kannst du für viele Rezepte regionale, nachwachsende Zutaten verwenden.

Gut für die Haushaltskasse: Selbst hergestellte Alternativen sind fast immer deutlich preiswerter.[Verlagstext]</marc:subfield>
   </marc:datafield>
   <marc:datafield ind1=" " ind2=" " tag="020">
      <marc:subfield code="a">9783946658092</marc:subfield>
      <marc:subfield code="9">9783946658092</marc:subfield>
   </marc:datafield>
</marc:record>
